Pueblos de España que tal vez conozcas - Estadísticas

Estadísticas generales
  • Esta prueba ha sido intentada 4.361 veces
  • La puntuación promedio es 7 de 15
Estadísticas de respuestas
Comunidad
autónoma
Pista Pueblo % Correcto
País Vasco El bombardeo de la aviación alemana sobre este pueblo fue inmortalizado por Pablo Picasso en una de sus obras más conocidas Guernica
94%
Galicia Como indica su nombre, en la época romana se creía que aquí se hallaba el fin del mundo Finisterre
68%
Comunidad de Madrid En su monasterio se hallan enterrados 12 reyes y reinas de España San Lorenzo de El Escorial
58%
Castilla-La Mancha De aquí era Dulcinea, la campesina de la que se enamoró don Quijote El Toboso
56%
Cantabria Este pueblo, que acoge las pinturas rupestres de Altamira, es conocido como la villa de las tres mentiras: ni es santa, ni es llana, ni tiene mar Santillana del Mar
54%
Castilla y León Lugar donde se firmó el tratado en el que España y Portugal se repartieron el mundo Tordesillas
54%
Asturias Escenario de la supuesta primera batalla de la Reconquista, en el año 718 Covadonga
48%
Comunidad Valenciana Cada mes de agosto, miles de turistas acuden a este pueblo para participar en la fiesta de la Tomatina Buñol
46%
Andalucía Es el punto más meridional de Europa y marca la división entre el Atlántico y el Mediterráneo Tarifa
46%
Cataluña Aquí está el circuito donde se celebra, desde 1991, el Gran Premio de España de Fórmula 1 Montmeló
44%
Aragón "Capital" del Pirineo aragonés que fue también la primera capital del Reino de Aragón Jaca
41%
Navarra Desde esta pequeña aldea, donde Carlomagno perdió una batalla, parte la primera etapa española del Camino de Santiago Roncesvalles
33%
Andalucía Junto a esta localidad tuvo lugar la primera gran derrota del ejército napoleónico Bailén
28%
Cataluña En este pueblo idílico de la Costa Brava residía Salvador Dalí y por él pasaron artistas como Walt Disney o André Breton Cadaqués
27%
La Rioja En uno de sus monasterios se hallaron las anotaciones más antiguas en castellano y en euskera San Millán de la Cogolla
13%
No se encontraron pruebas coincidentes
Distribución de puntuación
Porcentaje de gente con cada puntuación
Porcentaje por número respondido
Historial de tus puntuaciones
No has intentado esta prueba.